[Event "Purtichju op"]
[Site "Purtichju"]
[Date "2023.07.04"]
[Round "6"]
[White "Carnicelli, Valerio"]
[Black "Relange, Eloi"]
[Result "1-0"]
[WhiteElo "2344"]
[BlackElo "2462"]
[PlyCount "111"]
[EventDate "2023.07.01"]
[EventType "swiss"]
[EventRounds "9"]
[EventCountry "FRA"]
[SourceTitle "CBM 215 Extra"]
[Source "ChessBase"]
[SourceDate "2023.09.30"]
[SourceVersion "1"]
[SourceVersionDate "2023.09.30"]
[SourceQuality "1"]

1. e4 d6 2. d4 Nf6 3. Nc3 e5 4. Nf3 Nbd7 5. Bc4 Be7 6. 0-0 0-0 7. h3 c6 8. a4 Re8 9. Re1 Qc7 10. Ba2 h6 11. Be3 exd4 12. Bxd4 Ne5 13. Qe2 Nh7 14. Rad1 Bf6 15. Bxe5 dxe5 16. Nh2 Nf8 17. Ng4 Bg5 18. Ne3 g6 19. Nc4 Be7 20. Qe3 Ne6 21. Qg3 Nf4 22. Ne2 Be6 23. Bb3 Rad8 24. Nxf4 exf4 25. Qf3 g5 26. Nd2 Bxb3 27. Nxb3 Bf6 28. Nc5 Bxb2 29. Rb1 Bd4 30. Rxb7 Qa5 31. Nd3 Rb8 32. Rd7 Rbd8 33. Rxd8 Rxd8 34. e5 Qd5 35. Qh5 Qe6 36. h4 Qg6 37. Qxg6+ fxg6 38. hxg5 hxg5 39. e6 Re8 40. Re4 c5 41. Kh2 Kf8 42. Kh3 Ke7 43. Kg4 Bf6 44. Nxc5 Rh8 45. Nd7 Rh4+ 46. Kf3 Bg7 47. Nb8 g4+ 48. Ke2 f3+ 49. gxf3 gxf3+ 50. Kd3 Rh8 51. Nc6+ Kd6 52. e7 Re8 53. Nxa7 Bf6 54. Nb5+ Kc5 55. Rc4+ Kb6 56. Nd6 1-0

[Event "FRA-chT Top 16 GpA"]
[Site "Chartres"]
[Date "2022.06.10"]
[Round "2.3"]
[White "Sochacki, Christophe"]
[Black "Relange, Eloi"]
[Result "1/2-1/2"]
[WhiteElo "2487"]
[BlackElo "2456"]
[PlyCount "118"]
[EventDate "2022.06.09"]
[EventType "team-tourn"]
[EventRounds "7"]
[EventCountry "FRA"]
[SourceTitle "CBM 208 Extra"]
[Source "ChessBase"]
[SourceDate "2022.07.31"]
[SourceVersion "1"]
[SourceVersionDate "2022.07.31"]
[SourceQuality "1"]
[WhiteTeam "US Villejuif Echecs"]
[BlackTeam "Paris Club 608"]
[WhiteTeamCountry "FRA"]
[BlackTeamCountry "FRA"]

1. e4 d6 2. d4 Nf6 3. Nc3 e5 4. Nf3 Nbd7 5. h3 g6 6. Bg5 Bg7 7. Nxe5 h6 8. Bxf6 Nxf6 9. Nf3 0-0 10. Bd3 c5 11. dxc5 dxc5 12. Qd2 Be6 13. 0-0 c4 14. Be2 Qb6 15. a4 Rad8 16. Qc1 Rfe8 17. Re1 Nd7 18. a5 Qb4 19. Ra4 Qc5 20. Bf1 Qc6 21. Rb4 Qc7 22. Nd5 Qxa5 23. Rxb7 Bxd5 24. exd5 Rxe1 25. Qxe1 Qxe1 26. Nxe1 Nb6 27. Rxa7 Rxd5 28. Rb7 Rd1 29. Rb8+ Kh7 30. Rxb6 Rxe1 31. Rb7 Rb1 32. b4 c3 33. b5 Rc1 34. Rxf7 Rxc2 35. Rc7 h5 36. g4 hxg4 37. hxg4 Kh8 38. b6 Rb2 39. b7 Be5 40. Rc5 c2 41. Kg2 Rxb7 42. Rxc2 Rb2 43. Rc8+ Kg7 44. Bd3 g5 45. Kf3 Bf4 46. Re8 Kf6 47. Re1 Be5 48. Rh1 Bf4 49. Bf5 Kf7 50. Rf1 Kf6 51. Ke4 Rb4+ 52. Kd5 Rb5+ 53. Kc6 Rb2 54. f3 Rd2 55. Rh1 Kf7 56. Rh7+ Kf6 57. Be4 Rd6+ 58. Kc5 Rd1 59. Rh6+ Ke7 1/2-1/2

[Event "Asnieres sur Seine Trophy"]
[Site "Asnieres sur Seine"]
[Date "2021.09.12"]
[Round "11"]
[White "Flom, Gabriel"]
[Black "Relange, Eloi"]
[Result "0-1"]
[WhiteElo "2502"]
[BlackElo "2456"]
[PlyCount "114"]
[EventDate "2021.09.11"]
[EventType "swiss (rapid)"]
[EventRounds "11"]
[EventCountry "FRA"]
[SourceTitle "CBM 204 Extra"]
[Source "ChessBase"]
[SourceDate "2021.11.30"]
[SourceVersion "1"]
[SourceVersionDate "2021.11.30"]
[SourceQuality "1"]

1. d4 d6 2. e4 Nf6 3. Nc3 e5 4. Nf3 Nbd7 5. a4 Be7 6. Bc4 0-0 7. h3 c6 8. 0-0 Qc7 9. Re1 exd4 10. Nxd4 Ne5 11. Bb3 Re8 12. Bg5 h6 13. Be3 Bf8 14. f4 Ned7 15. Qf3 Nc5 16. Bf2 Nxb3 17. cxb3 a5 18. Rac1 Nd7 19. Nd5 Qb8 20. Ne3 Nc5 21. Nef5 Qc7 22. Re2 Ra6 23. e5 dxe5 24. fxe5 Ne6 25. Nb5 Qd7 26. Nbd6 Rd8 27. Qg3 g6 28. Be3 Kh7 29. Ne4 Qd3 30. Nf6+ Kh8 31. Rf2 Ng5 32. Nxh6 Bxh6 33. Qh4 Nxh3+ 34. gxh3 Qxe3 35. Rc3 Qg5+ 36. Qxg5 Bxg5 37. Ne4 Bh4 38. Rxf7 Bf5 39. Nf6 Bxf6 40. exf6 Kg8 41. Rg7+ Kf8 42. Rxb7 Rd7 43. Rxd7 Bxd7 44. Re3 Bf5 45. Re7 Rb6 46. Ra7 Rxb3 47. Rxa5 Rxb2 48. Ra7 Bxh3 49. a5 Rg2+ 50. Kh1 Ra2 51. a6 c5 52. Kg1 Bg4 53. Ra8+ Kf7 54. a7 Bf3 55. Rh8 g5 56. Rc8 Rxa7 57. Rxc5 Kxf6 0-1

[Event "FRA-chT Top 12"]
[Site "Chalons en Champagne"]
[Date "2021.06.25"]
[Round "2.1"]
[White "Maatoug, Redwan"]
[Black "Relange, Eloi"]
[Result "0-1"]
[WhiteElo "2202"]
[BlackElo "2453"]
[PlyCount "67"]
[EventDate "2021.06.24"]
[EventType "team-tourn"]
[EventRounds "11"]
[EventCountry "FRA"]
[SourceTitle "CBM 203 Extra"]
[Source "ChessBase"]
[SourceDate "2021.09.30"]
[SourceVersion "1"]
[SourceVersionDate "2021.09.30"]
[SourceQuality "1"]
[WhiteTeam "Villejuif"]
[BlackTeam "Clichy Echecs 92"]
[WhiteTeamCountry "FRA"]
[BlackTeamCountry "FRA"]

1. e4 d6 2. Nf3 Nf6 3. Nc3 e5 4. g3 c6 5. Bg2 b5 6. d3 g6 7. 0-0 Bg7 8. Bg5 h6 9. Bd2 0-0 10. a3 a5 11. d4 Nbd7 12. dxe5 dxe5 13. h3 Qe7 14. Be3 Nc5 15. Qc1 Kh7 16. Nd2 Ba6 17. b4 Ne6 18. Qb2 Rfd8 19. Rfd1 Bb7 20. Bb6 Rdb8 21. Bxa5 Nd4 22. Nb3 Nd7 23. a4 h5 24. axb5 cxb5 25. Nd5 Bxd5 26. exd5 Ne2+ 27. Kf1 e4 28. Qa3 Nc3 29. Nd4 Rc8 30. Nc6 Qd6 31. Qc1 Nxd1 32. Qxd1 Bxa1 33. Bxe4 Rxc6 34. Ke1 0-1

[Event "FRA-chT Top 12"]
[Site "Brest"]
[Date "2019.05.27"]
[Round "10.7"]
[White "Terrieux, Kevin"]
[Black "Relange, Eloi"]
[Result "0-1"]
[WhiteElo "2455"]
[BlackElo "2456"]
[PlyCount "114"]
[EventDate "2019.05.18"]
[EventType "team-tourn"]
[EventRounds "11"]
[EventCountry "FRA"]
[SourceTitle "CBM 190 Extra"]
[Source "ChessBase"]
[SourceDate "2019.07.15"]
[SourceVersion "1"]
[SourceVersionDate "2019.07.15"]
[SourceQuality "1"]
[WhiteTeam "Metz Fischer"]
[BlackTeam "Clichy"]
[WhiteTeamCountry "FRA"]
[BlackTeamCountry "FRA"]

1. d4 d6 2. e4 Nf6 3. Nc3 e5 4. Nf3 Nbd7 5. Bc4 Be7 6. a4 0-0 7. 0-0 c6 8. h3 Re8 9. Re1 Qc7 10. a5 exd4 11. Nxd4 Ne5 12. Bf1 Bd7 13. f4 Ng6 14. g4 h6 15. Nf5 Bf8 16. Bd2 Rad8 17. Bd3 b5 18. axb6 Qxb6+ 19. Be3 c5 20. Ra6 Qxb2 21. Qd2 Qb8 22. Ng3 d5 23. exd5 Nxf4 24. Bxf4 Rxe1+ 25. Kg2 Qb4 26. Bxh6 Rde8 27. Rxf6 gxf6 28. Bxf8 Kxf8 29. Qh6+ Ke7 30. d6+ Kd8 31. Qxf6+ Kc8 32. Nd5 Qd2+ 33. Qf2 Qxf2+ 34. Kxf2 Ra1 35. Ne7+ Kd8 36. Ne4 Rxe7 37. dxe7+ Kxe7 38. Nxc5 a5 39. Nb3 Ra2 40. Ke3 a4 41. Nd4 a3 42. Kd2 Ra1 43. Kc3 Rb1 44. Bc4 Be6 45. Nxe6 fxe6 46. h4 Rb8 47. Ba2 Kd6 48. h5 Rg8 49. Kb4 Rxg4+ 50. Kxa3 Rh4 51. Kb2 Rxh5 52. Kc3 e5 53. Bc4 Kc5 54. Bd3 Rh2 55. Be4 Rh3+ 56. Kd2 Kd4 57. Bd3 e4 0-1

[Event "FRA-chT Top 12"]
[Site "Brest"]
[Date "2018.06.01"]
[Round "7"]
[White "Relange, Eloi"]
[Black "Van Foreest, Jorden"]
[Result "1/2-1/2"]
[WhiteElo "2455"]
[BlackElo "2638"]
[PlyCount "57"]
[EventDate "2018.05.26"]
[EventType "team-tourn"]
[EventRounds "11"]
[EventCountry "FRA"]
[SourceTitle "EXT 2019"]
[Source "ChessBase"]
[SourceDate "2018.10.10"]
[SourceVersion "1"]
[SourceVersionDate "2018.10.10"]
[SourceQuality "1"]
[WhiteTeam "Evry Grand Roque"]
[BlackTeam "Clichy Echecs 92"]
[WhiteTeamCountry "FRA"]
[BlackTeamCountry "FRA"]

1. d4 f5 2. g3 Nf6 3. Bg2 e6 4. Nf3 Be7 5. 0-0 0-0 6. c4 Ne4 7. Nbd2 d5 8. Ne5 Nd7 9. Nxd7 Bxd7 10. cxd5 exd5 11. Qb3 Nf6 12. Qxb7 Rb8 13. Qa6 Bb5 14. Qe6+ Kh8 15. a4 Rb6 16. Qe3 Ba6 17. Nf3 f4 18. Qd2 fxg3 19. hxg3 Re6 20. Ne5 c5 21. Bh3 Qd6 22. Qg5 Bxe2 23. Bxe6 Qxe6 24. Qe3 Qa6 25. Re1 Bh5 26. Nd7 Rf7 27. Ne5 Rf8 28. Nd7 Rf7 29. Ne5 1/2-1/2

[Event "FRA-chT Top 12"]
[Site "Brest"]
[Date "2018.05.27"]
[Round "2"]
[White "Godart, Francois"]
[Black "Relange, Eloi"]
[Result "1/2-1/2"]
[WhiteElo "2420"]
[BlackElo "2455"]
[PlyCount "46"]
[EventDate "2018.05.26"]
[EventType "team-tourn"]
[EventRounds "11"]
[EventCountry "FRA"]
[SourceTitle "EXT 2019"]
[Source "ChessBase"]
[SourceDate "2018.10.10"]
[SourceVersion "1"]
[SourceVersionDate "2018.10.10"]
[SourceQuality "1"]
[WhiteTeam "Saint Quentin"]
[BlackTeam "Evry Grand Roque"]
[WhiteTeamCountry "FRA"]
[BlackTeamCountry "FRA"]

1. d4 Nf6 2. c4 g6 3. g3 Bg7 4. Bg2 0-0 5. Nf3 d6 6. 0-0 Nbd7 7. Nc3 e5 8. e4 a6 9. h3 b5 10. cxb5 axb5 11. Re1 c6 12. b4 Bb7 13. dxe5 Nxe5 14. Nxe5 dxe5 15. Be3 Ra3 16. Nb1 Qxd1 17. Rxd1 Ra4 18. Bc5 Rfa8 19. Nc3 Ra3 20. Nb1 R3a4 21. Nc3 Ra3 22. Nb1 R3a6 23. Nd2 Bc8 1/2-1/2

[Event "FRA-chT Top 12"]
[Site "Chartres"]
[Date "2017.05.27"]
[Round "10.6"]
[White "Relange, Eloi"]
[Black "Le Corre, Benjamin"]
[Result "1-0"]
[WhiteElo "2464"]
[BlackElo "2261"]
[PlyCount "91"]
[EventDate "2017.05.18"]
[EventType "team-tourn"]
[EventRounds "11"]
[EventCountry "FRA"]
[SourceTitle "CBM 178 Extra"]
[Source "ChessBase"]
[SourceDate "2017.06.22"]
[SourceVersion "1"]
[SourceVersionDate "2017.06.22"]
[SourceQuality "1"]
[WhiteTeam "Saint Quentin"]
[BlackTeam "Vandoeuvre"]
[WhiteTeamCountry "FRA"]
[BlackTeamCountry "FRA"]

1. Nf3 d6 2. g3 g6 3. Bg2 Bg7 4. 0-0 Nf6 5. c4 0-0 6. Nc3 Nc6 7. Rb1 e5 8. d3 Bd7 9. b4 Qc8 10. Re1 Bh3 11. Bh1 Re8 12. b5 Nd4 13. a4 Nxf3+ 14. Bxf3 Bf5 15. Qc2 Rb8 16. Be3 b6 17. a5 Qe6 18. Bc6 e4 19. Qd2 Rf8 20. Bg5 bxa5 21. Bxf6 Bxf6 22. Nxe4 Bxe4 23. Bxe4 Bd4 24. Qxa5 Qf6 25. Rf1 Bb6 26. Qa1 Bd4 27. Qa2 Rfe8 28. e3 Rxe4 29. dxe4 Bc5 30. Qe2 Re8 31. Qg4 h5 32. Qf4 Qe6 33. e5 dxe5 34. Qe4 f5 35. Qb7 Re7 36. Rbd1 Kg7 37. Qd5 Qb6 38. Ra1 Qd6 39. Rfd1 Rd7 40. Qf3 Qe6 41. Rxd7+ Qxd7 42. Rd1 Qe6 43. Rd5 Qe7 44. Qd1 Kh6 45. Rd7 Qg5 46. h4 1-0

[Event "FRA-chT Top 12"]
[Site "Chartres"]
[Date "2017.05.21"]
[Round "4.7"]
[White "Sulava, Nenad"]
[Black "Relange, Eloi"]
[Result "1-0"]
[WhiteElo "2468"]
[BlackElo "2464"]
[PlyCount "101"]
[EventDate "2017.05.18"]
[EventType "team-tourn"]
[EventRounds "11"]
[EventCountry "FRA"]
[SourceTitle "CBM 178 Extra"]
[Source "ChessBase"]
[SourceDate "2017.06.22"]
[SourceVersion "1"]
[SourceVersionDate "2017.06.22"]
[SourceQuality "1"]
[WhiteTeam "Nice Alekhine"]
[BlackTeam "Saint Quentin"]
[WhiteTeamCountry "FRA"]
[BlackTeamCountry "FRA"]

1. Nf3 Nf6 2. d4 g6 3. c4 Bg7 4. Nc3 0-0 5. Bg5 d6 6. e3 h6 7. Bh4 e6 8. h3 c5 9. Be2 cxd4 10. Nxd4 a6 11. 0-0 Nc6 12. Rc1 Qe7 13. Qb3 Nxd4 14. exd4 Rb8 15. Bg3 e5 16. c5 Nh5 17. cxd6 Qxd6 18. Bxh5 gxh5 19. dxe5 Qg6 20. Nd5 Kh8 21. e6 Bxe6 22. Bxb8 Qg5 23. Bf4 Bxd5 24. Bxg5 Bxb3 25. axb3 hxg5 26. Rc5 Bf6 27. Rd1 Re8 28. Kf1 Kg7 29. Rd7 b5 30. Rcc7 Rf8 31. Ra7 Bxb2 32. Rxa6 b4 33. Rd5 f6 34. h4 gxh4 35. Rxh5 Rc8 36. Rxh4 Rc1+ 37. Ke2 Bc3 38. Kd3 Kg6 39. Rb6 Rd1+ 40. Kc4 Rd2 41. Rg4+ Kh5 42. f3 f5 43. Rg8 Rd4+ 44. Kc5 Rd7 45. g4+ fxg4 46. fxg4+ Kh4 47. Rxb4 Bxb4+ 48. Kxb4 Rb7+ 49. Kc3 Rc7+ 50. Kb2 Rb7 51. Rg6 1-0

[Event "FRA-chT Top 12"]
[Site "Chartres"]
[Date "2017.05.20"]
[Round "3.7"]
[White "Relange, Eloi"]
[Black "Apicella, Manuel"]
[Result "1/2-1/2"]
[WhiteElo "2464"]
[BlackElo "2515"]
[PlyCount "46"]
[EventDate "2017.05.18"]
[EventType "team-tourn"]
[EventRounds "11"]
[EventCountry "FRA"]
[SourceTitle "CBM 178 Extra"]
[Source "ChessBase"]
[SourceDate "2017.06.22"]
[SourceVersion "1"]
[SourceVersionDate "2017.06.22"]
[SourceQuality "1"]
[WhiteTeam "Saint Quentin"]
[BlackTeam "Grasse Echecs"]
[WhiteTeamCountry "FRA"]
[BlackTeamCountry "FRA"]

1. d4 e6 2. c4 Nf6 3. Nf3 d5 4. g3 Be7 5. Bg2 0-0 6. 0-0 dxc4 7. Qc2 a6 8. a4 Bd7 9. Qxc4 Bc6 10. Bg5 Nbd7 11. Nc3 h6 12. Bd2 Ne4 13. Bf4 Nb6 14. Qd3 Nxc3 15. bxc3 Nxa4 16. c4 b5 17. Qc2 Nb6 18. cxb5 Bxb5 19. Bxc7 Qc8 20. Rfc1 Nd5 21. Ba5 Qxc2 22. Rxc2 Rac8 23. Rb2 Bd8 1/2-1/2

[Event "FRA-chT Top 12"]
[Site "Drancy"]
[Date "2016.06.05"]
[Round "9.1"]
[White "Krasenkow, Michal"]
[Black "Relange, Eloi"]
[Result "1-0"]
[WhiteElo "2610"]
[BlackElo "2464"]
[PlyCount "49"]
[EventDate "2016.05.28"]
[EventType "team-tourn"]
[EventRounds "11"]
[EventCountry "FRA"]
[SourceTitle "CBM 172 Extra"]
[Source "ChessBase"]
[SourceDate "2016.06.21"]
[SourceVersion "1"]
[SourceVersionDate "2016.06.21"]
[SourceQuality "1"]
[WhiteTeam "Chalons en Champagne"]
[BlackTeam "Evry Grand Roque"]
[WhiteTeamCountry "FRA"]
[BlackTeamCountry "FRA"]

1. Nf3 Nf6 2. d4 c5 3. d5 e6 4. c4 exd5 5. cxd5 g6 6. Nc3 d6 7. h3 Bg7 8. e4 0-0 9. Bd3 b5 10. Nxb5 Re8 11. 0-0 Nxe4 12. Re1 a6 13. Qa4 Nd7 14. Rxe4 Rxe4 15. Qxe4 axb5 16. Bxb5 Nf6 17. Qd3 Qb6 18. a4 Ba6 19. Ra3 Bxb5 20. axb5 Qb7 21. Ra6 Nxd5 22. Rxd6 Nb6 23. Rd8+ Bf8 24. Bf4 Kg7 25. Qd2 1-0

[Event "FRA-chT Top 12"]
[Site "Drancy"]
[Date "2016.06.04"]
[Round "8.2"]
[White "Stevic, Hrvoje"]
[Black "Relange, Eloi"]
[Result "1/2-1/2"]
[WhiteElo "2607"]
[BlackElo "2464"]
[PlyCount "29"]
[EventDate "2016.05.28"]
[EventType "team-tourn"]
[EventRounds "11"]
[EventCountry "FRA"]
[SourceTitle "CBM 172 Extra"]
[Source "ChessBase"]
[SourceDate "2016.06.21"]
[SourceVersion "1"]
[SourceVersionDate "2016.06.21"]
[SourceQuality "1"]
[WhiteTeam "Nice Alekhine"]
[BlackTeam "Evry Grand Roque"]
[WhiteTeamCountry "FRA"]
[BlackTeamCountry "FRA"]

1. e4 c5 2. Nf3 d6 3. d4 cxd4 4. Qxd4 Nf6 5. Bb5+ Bd7 6. Bxd7+ Nbxd7 7. Bg5 h6 8. Bxf6 Nxf6 9. Nc3 Qa5 10. 0-0-0 e6 11. Rhe1 Be7 12. e5 dxe5 13. Rxe5 Qa6 14. Qd3 Qxd3 15. Rxd3 1/2-1/2

[Event "FRA-chT Top 12"]
[Site "Drancy"]
[Date "2016.05.31"]
[Round "4.2"]
[White "Neiksans, Arturs"]
[Black "Relange, Eloi"]
[Result "1-0"]
[WhiteElo "2627"]
[BlackElo "2464"]
[PlyCount "81"]
[EventDate "2016.05.28"]
[EventType "team-tourn"]
[EventRounds "11"]
[EventCountry "FRA"]
[SourceTitle "CBM 172 Extra"]
[Source "ChessBase"]
[SourceDate "2016.06.21"]
[SourceVersion "1"]
[SourceVersionDate "2016.06.21"]
[SourceQuality "1"]
[WhiteTeam "Saint Quentin"]
[BlackTeam "Evry Grand Roque"]
[WhiteTeamCountry "FRA"]
[BlackTeamCountry "FRA"]

1. e4 c5 2. Nf3 d6 3. Bb5+ Nd7 4. c4 Ngf6 5. Nc3 g6 6. d4 cxd4 7. Qxd4 Bg7 8. Bxd7+ Bxd7 9. 0-0 0-0 10. Qd3 Bc6 11. Nd4 Nd7 12. Be3 Nc5 13. Qc2 Ne6 14. Nxe6 fxe6 15. Ne2 Qa5 16. Nd4 Qe5 17. f3 Rfc8 18. Qb3 Rab8 19. Rac1 Bd7 20. Rfd1 a6 21. Qb6 Be8 22. b3 Bf7 23. Ne2 Rc6 24. Qb4 b6 25. Qd2 Qa5 26. a4 Qxd2 27. Rxd2 Rcc8 28. Kf2 Bf6 29. g3 g5 30. g4 h5 31. gxh5 Kh7 32. Rg1 Rg8 33. Ng3 Be5 34. Ne2 Bf6 35. Rg3 b5 36. cxb5 axb5 37. a5 b4 38. a6 d5 39. a7 Rb7 40. h4 Bxh5 41. hxg5 1-0

[Event "FRA-chT Top 12"]
[Site "Montpellier"]
[Date "2015.05.30"]
[Round "1.5"]
[White "Relange, Eloi"]
[Black "Degraeve, Jean Marc"]
[Result "1/2-1/2"]
[WhiteElo "2468"]
[BlackElo "2555"]
[PlyCount "27"]
[EventDate "2015.05.30"]
[EventType "team-tourn"]
[EventRounds "11"]
[EventCountry "FRA"]
[SourceTitle "CBM 166 Extra"]
[Source "ChessBase"]
[SourceDate "2015.06.18"]
[SourceVersion "1"]
[SourceVersionDate "2015.06.18"]
[SourceQuality "1"]
[WhiteTeam "Evry Grand Roque"]
[BlackTeam "Mulhouse Philidor"]
[WhiteTeamCountry "FRA"]
[BlackTeamCountry "FRA"]

1. d4 e6 2. c4 Bb4+ 3. Nc3 b6 4. Qc2 Bb7 5. a3 Bxc3+ 6. Qxc3 f5 7. Nf3 Nf6 8. g3 d6 9. Bg2 Qe7 10. 0-0 0-0 11. b4 Nbd7 12. Bb2 Ne4 13. Qc2 Nef6 14. Qc3 1/2-1/2

[Event "FRA-chT Top 12"]
[Site "Saint Quentin"]
[Date "2014.06.02"]
[Round "10.7"]
[White "Relange, Eloi"]
[Black "Abergel, Thal"]
[Result "1-0"]
[WhiteElo "2466"]
[BlackElo "2417"]
[PlyCount "57"]
[EventDate "2014.05.24"]
[EventType "team-tourn"]
[EventRounds "11"]
[EventCountry "FRA"]
[SourceTitle "CBM 160 Extra"]
[Source "ChessBase"]
[SourceDate "2014.07.01"]
[SourceVersion "1"]
[SourceVersionDate "2014.07.01"]
[SourceQuality "1"]
[WhiteTeam "Evry Grand Roque"]
[BlackTeam "Bois Colombes"]
[WhiteTeamCountry "FRA"]
[BlackTeamCountry "FRA"]

1. d4 d6 2. Nf3 g6 3. g3 Bg7 4. Bg2 Nc6 5. d5 Nb8 6. 0-0 Nf6 7. c4 0-0 8. Nc3 a5 9. e4 Bg4 10. h3 Bxf3 11. Qxf3 Nfd7 12. Qe2 Na6 13. h4 Nac5 14. Be3 e6 15. dxe6 fxe6 16. Nb5 e5 17. Rad1 b6 18. b3 Ne6 19. h5 Nf6 20. Bh3 Re8 21. hxg6 hxg6 22. Bxe6+ Rxe6 23. c5 bxc5 24. Qc4 Kf7 25. f4 exf4 26. Rxf4 Qc8 27. Rxd6 Ra6 28. Rxa6 Qxa6 29. e5 1-0

[Event "FRA-chT Top 12"]
[Site "Saint Quentin"]
[Date "2014.05.25"]
[Round "2.5"]
[White "Relange, Eloi"]
[Black "Williams, Simon Kim"]
[Result "1/2-1/2"]
[WhiteElo "2466"]
[BlackElo "2465"]
[PlyCount "95"]
[EventDate "2014.05.24"]
[EventType "team-tourn"]
[EventRounds "11"]
[EventCountry "FRA"]
[SourceTitle "CBM 160 Extra"]
[Source "ChessBase"]
[SourceDate "2014.07.01"]
[SourceVersion "1"]
[SourceVersionDate "2014.07.01"]
[SourceQuality "1"]
[WhiteTeam "Evry Grand Roque"]
[BlackTeam "Rueil Malmaison"]
[WhiteTeamCountry "FRA"]
[BlackTeamCountry "FRA"]

1. d4 e6 2. c4 b6 3. Nc3 Bb4 4. Qc2 Bb7 5. a3 Bxc3+ 6. Qxc3 f5 7. Nf3 Nf6 8. b4 0-0 9. e3 d6 10. Be2 Nbd7 11. Bb2 Qe7 12. 0-0 Ne4 13. Qb3 Rf6 14. d5 e5 15. Qc2 Rh6 16. g3 Rf8 17. Nd2 Ndf6 18. Nxe4 fxe4 19. f4 exf3 20. Rxf3 Bc8 21. e4 Rg6 22. c5 h5 23. cxd6 cxd6 24. Raf1 h4 25. R1f2 Bd7 26. Rc3 Nh7 27. Rxf8+ Nxf8 28. Bc1 hxg3 29. Rxg3 Qh4 30. Qd3 Bg4 31. Bf1 Bh5 32. a4 Nd7 33. Bg2 Nf6 34. a5 Rg4 35. axb6 axb6 36. Rxg4 Qxg4 37. h3 Qh4 38. Be3 Qg3 39. Qc3 Nxe4 40. Qc8+ Kh7 41. Bxb6 Ng5 42. Qf5+ g6 43. Qd7+ Kh6 44. Bf2 Nf3+ 45. Kf1 Nd2+ 46. Kg1 Qg5 47. Qc8 Nf3+ 48. Kf1 1/2-1/2

[Event "FRA-chT Top 12"]
[Site "Haguenau"]
[Date "2013.06.05"]
[Round "7.6"]
[White "Relange, Eloi"]
[Black "Debray, Christopher"]
[Result "1-0"]
[WhiteElo "2470"]
[BlackElo "2356"]
[PlyCount "99"]
[EventDate "2013.05.30"]
[EventType "team-tourn"]
[EventRounds "11"]
[EventCountry "FRA"]
[SourceTitle "CBM 154 Extra"]
[Source "ChessBase"]
[SourceDate "2013.06.25"]
[SourceVersion "2"]
[SourceVersionDate "2013.06.25"]
[SourceQuality "1"]
[WhiteTeam "Evry Grand Roque"]
[BlackTeam "Rueil Malmaison"]
[WhiteTeamCountry "FRA"]
[BlackTeamCountry "FRA"]

1. Nf3 d5 2. d4 Nf6 3. c4 c6 4. Nc3 dxc4 5. a4 Bf5 6. Ne5 Na6 7. f3 Nb4 8. e4 Be6 9. Be3 Nd3+ 10. Nxd3 cxd3 11. Bxd3 g6 12. d5 cxd5 13. Bb5+ Bd7 14. e5 a6 15. Be2 Nh5 16. Nxd5 Be6 17. Nb6 Qxd1+ 18. Rxd1 Rb8 19. Kf2 f5 20. f4 Bh6 21. g3 Kf7 22. Rc1 Rhd8 23. Rc7 Bf8 24. Rd1 Rxd1 25. Bxd1 Ng7 26. Bf3 Ne8 27. Rxb7 Rxb7 28. Bxb7 Nc7 29. b4 Bb3 30. b5 axb5 31. a5 e6 32. a6 b4 33. a7 Ke8 34. Bc6+ Kf7 35. Bd4 Bc2 36. a8Q Nxa8 37. Bxa8 b3 38. Nc4 Bb4 39. Bc6 Bd3 40. Nb2 Bc2 41. Ba4 h6 42. Nc4 g5 43. fxg5 hxg5 44. Ne3 Be4 45. Bxb3 Be7 46. Nc4 Bd5 47. Nd6+ Bxd6 48. Bxd5 Bxe5 49. Bxe5 exd5 50. Ke3 1-0

[Event "FRA-chT Top 12"]
[Site "Haguenau"]
[Date "2013.06.03"]
[Round "5.4"]
[White "Philippe, Christophe"]
[Black "Relange, Eloi"]
[Result "1/2-1/2"]
[WhiteElo "2372"]
[BlackElo "2470"]
[PlyCount "61"]
[EventDate "2013.05.30"]
[EventType "team-tourn"]
[EventRounds "11"]
[EventCountry "FRA"]
[SourceTitle "CBM 154 Extra"]
[Source "ChessBase"]
[SourceDate "2013.06.25"]
[SourceVersion "2"]
[SourceVersionDate "2013.06.25"]
[SourceQuality "1"]
[WhiteTeam "Vandoeuvre"]
[BlackTeam "Evry Grand Roque"]
[WhiteTeamCountry "FRA"]
[BlackTeamCountry "FRA"]

1. d4 Nf6 2. Nf3 g6 3. Nc3 d5 4. Bf4 Bg7 5. e3 0-0 6. Be2 c5 7. Ne5 Nc6 8. 0-0 cxd4 9. exd4 Qb6 10. Nxc6 Qxc6 11. Bb5 Qb6 12. a4 Qd8 13. Re1 Bd7 14. Be5 Bf5 15. a5 Rc8 16. a6 b6 17. h3 Ne4 18. Nxe4 Bxe5 19. dxe5 dxe4 20. g4 Be6 21. Rxe4 Qc7 22. c4 Rfd8 23. Qe2 Qc5 24. Rd1 Qb4 25. Red4 Rxd4 26. Rxd4 Kg7 27. Kh2 Rc5 28. Re4 Rc8 29. Rd4 Rc5 30. Re4 Rc8 31. Rd4 1/2-1/2

[Event "FRA-chT Top 12"]
[Site "Haguenau"]
[Date "2013.06.01"]
[Round "3.4"]
[White "Marcelin, Cyril"]
[Black "Relange, Eloi"]
[Result "1/2-1/2"]
[WhiteElo "2488"]
[BlackElo "2470"]
[PlyCount "24"]
[EventDate "2013.05.30"]
[EventType "team-tourn"]
[EventRounds "11"]
[EventCountry "FRA"]
[SourceTitle "CBM 154 Extra"]
[Source "ChessBase"]
[SourceDate "2013.06.25"]
[SourceVersion "2"]
[SourceVersionDate "2013.06.25"]
[SourceQuality "1"]
[WhiteTeam "Bischwiller"]
[BlackTeam "Evry Grand Roque"]
[WhiteTeamCountry "FRA"]
[BlackTeamCountry "FRA"]

1. d4 Nf6 2. c4 g6 3. Nc3 Bg7 4. e4 d6 5. Nf3 0-0 6. h3 e5 7. dxe5 dxe5 8. Be3 c6 9. c5 Nbd7 10. b4 b6 11. cxb6 axb6 12. a4 Qe7 1/2-1/2

[Event "FRA-chT Top 12"]
[Site "Belfort"]
[Date "2012.06.08"]
[Round "9.7"]
[White "Relange, Eloi"]
[Black "Vachier Lagrave, Maxime"]
[Result "0-1"]
[WhiteElo "2472"]
[BlackElo "2680"]
[PlyCount "72"]
[EventDate "2012.05.31"]
[EventType "team-tourn"]
[EventRounds "11"]
[EventCountry "FRA"]
[SourceTitle "CBM 148 Extra"]
[Source "ChessBase"]
[SourceDate "2012.06.22"]
[SourceVersion "1"]
[SourceVersionDate "2012.06.22"]
[SourceQuality "1"]
[WhiteTeam "Evry Grand Roque"]
[BlackTeam "Clichy Echecs 92"]
[WhiteTeamCountry "FRA"]
[BlackTeamCountry "FRA"]

1. Nf3 Nf6 2. c4 b6 3. Nc3 Bb7 4. d4 e6 5. a3 d5 6. cxd5 Nxd5 7. Qc2 Be7 8. e4 Nxc3 9. bxc3 0-0 10. Bd3 c5 11. 0-0 Qc7 12. Qe2 Nd7 13. h4 Rfd8 14. Bg5 Nf8 15. Qe3 Rac8 16. h5 Bxg5 17. Qxg5 h6 18. Qg4 Qe7 19. Rfd1 cxd4 20. cxd4 Rc3 21. a4 Ra3 22. Qf4 Rc8 23. Ne5 Rc7 24. Rxa3 Qxa3 25. Bb5 Qd6 26. Qe3 Nh7 27. Nc4 Qd8 28. d5 a6 29. Qxb6 axb5 30. Na5 exd5 31. Nxb7 Qb8 32. Qxb5 Rxb7 33. Qxd5 Nf6 34. Qf5 Re7 35. Rc1 Re8 36. f3 Qa7+ 0-1